• 首页
  • 本馆介绍
  • 公告通知
  • 最新文献
  • 馆藏检索
  • 电子资源
  • 读者导购
  • 参考咨询
  • 我的图书馆
  • 登录
  • 详细信息显示
  • 放入我的书架
  • 预约/预借图书
  • 作者相关作品
  • 分类相关作品
  • 丛书相关作品
  • 出版社相关作品

书目信息

  • 表格格式
  • 工作单格式
  • 卡片格式
书名: Chemical analysis
作者: [by] Herbert A. Laitinen [and] Walter E. Harris.
分册号:
分册名:
出版地: New York :
 
出版社: McGraw-Hill
出版时间: [1975].
页数: xix, 611 p. :
开本: 24 cm.
丛书名: McGraw-Hill series in advanced chemistry
中图分类号:
科图分类号:
其他分类号: O6:H31
主题词:
电子资源:
000 01052cam 2200325 45
001 E0752586362
003 OCoLC
005 20070301145018.06
008 991021s1975 nyua b 001 0 eng
010    @a 74011497 //r89
020    @cCNY3.70.
040    @aDLC@cDLC
050 00 @aQD101.2@b.L34 1975
060    @aQD75 L189c
082    @a545
090    @aP47/W21/1975
090    @aO6:H31
099    @dO6:H31@ex82
100 1  @aLaitinen, Herbert A.@q(Herbert August),@d1915-
245 10 @aChemical analysis :@ban advanced text and reference / @c[by] Herbert A. Laitinen [and] Walter E. Harris.
250    @a2d ed.
260    @aNew York :@bMcGraw-Hill,@c[1975].
300    @axix, 611 p. :@billus. ;@c24 cm.
440  0 @aMcGraw-Hill series in advanced chemistry
504    @aIncludes bibliographical references.
650  2 @aChemistry, Analytical.
650  0 @aChemistry, Analytic@xQuantitative.
700 1  @aHarris, Walter Edgar,@d1915-@ejoint author.
905    @a77-05570@bLib
920    @a232010@z2
    
    Chemical analysis : : an advanced text and reference / / [by] Herbert A. Laitinen [and] Walter E. Harris.-2d ed.-New York : : McGraw-Hill, , [1975].
    xix, 611 p. : : illus. ; ; 24 cm.- (McGraw-Hill series in advanced chemistry )
    Includes bibliographical references.
    
    ISBN CNY3.70.
    
●
相关链接 在E读中查询图书 在五车中查询图书 在当当中查询图书 在豆瓣中查询图书


正题名:Chemical analysis     索取号:O6:H31/x82         预约/预借

序号 登录号 条形码 馆藏地/架位号 状态 备注
1 49100   000636574   第四借阅区/ [索取号:O6:H31/x82] 在馆    
唐山师范学院图书馆 欢迎您!
大连网信软件有限公司© 版权所有